[Event "Moscow Open RSSU Cup 2020"]
[Site "Moscow"]
[Date "2020.01.25"]
[Round "1.10"]
[White "Arbuzov, Mikhail"]
[Black "Lintchevski, Daniil"]
[Result "0-1"]
[WhiteElo "2227"]
[BlackElo "2536"]
[Annotator "ChessBase"]
[PlyCount "90"]
[EventDate "2020.01.25"]
[EventType "swiss"]
[EventCountry "RUS"]
[SourceTitle "playchess.com"]
[Source "ChessBase"]
[SourceQuality "1"]
[TimeControl "40/5400+30:1800+30"]

1. d4 {[%emt 0:00:00]} Nf6 {[%emt 0:00:00]} 2. c4 {[%emt 0:00:00]} e6 {[%emt 0:00:02]} 3. Nc3 {[%emt 0:00:00]} Bb4 {[%emt 0:00:04]} 4. e3 {[%emt 0:00:03]} b6 {[%emt 0:00:04]} 5. Nge2 {[%emt 0:00:14]} Ne4 {[%emt 0:00:32]} 6. Qc2 {[%emt 0:11:25]} Bb7 {[%emt 0:00:07]} 7. a3 {[%emt 0:05:30]} Bxc3+ {[%emt 0:02:13]} 8. Nxc3 {[%emt 0:00:07]} Nxc3 {[%emt 0:00:06]} 9. Qxc3 {[%emt 0:00:34]} O-O {[%emt 0:00:07]} 10. b3 {[%emt 0:21:06]} d6 {[%emt 0:03:11]} 11. Bb2 {[%emt 0:00:10]} Qf6 {[%emt 0:02:58]} 12. Qc2 {[%emt 0:03:12]} Nd7 {[%emt 0:00:56]} 13. Bd3 {[%emt 0:07:14]} Qh6 {[%emt 0:02:06]} 14. O-O {[%emt 0:08:32]} f5 {[%emt 0:01:28]} 15. Rae1 {[%emt 0:10:50]} Rae8 {[%emt 0:03:21]} 16. f3 {[%emt 0:01:05]} a5 {[%emt 0:04:11]} 17. e4 {[%emt 0:08:57]} fxe4 {[%emt 0:00:36]} 18. Bxe4 {[%emt 0:01:17]} Bxe4 {[%emt 0:00:59]} 19. Rxe4 {[%emt 0:02:19]} Qg6 {[%emt 0:01:07]} 20. Qe2 {[%emt 0:04:01]} Re7 {[%emt 0:03:27]} 21. f4 {[%emt 0:04:51]} h6 {[%emt 0:07:31]} 22. b4 {[%emt 0:02:10]} axb4 {[%emt 0:06:12]} 23. axb4 {[%emt 0:00:04]} Kh8 {[%emt 0:00:07]} 24. d5 {[%emt 0:02:40]} e5 {[%emt 0:00:55]} 25. fxe5 {[%emt 0:03:15]} Rxf1+ {[%emt 0:00:15]} 26. Kxf1 {[%emt 0:00:04]} dxe5 {[%emt 0:03:53]} 27. g3 {[%emt 0:01:30]} b5 {[%emt 0:03:46]} 28. Kg2 {[%emt 0:01:53]} bxc4 {[%emt 0:00:04]} 29. Qxc4 {[%emt 0:00:46]} Nb6 {[%emt 0:01:58]} 30. Qd3 {[%emt 0:00:38]} Qd6 {[%emt 0:01:33]} 31. b5 {[%emt 0:00:29]} Nxd5 {[%emt 0:01:54]} 32. Qe2 {[%emt 0:00:08]} Qg6 {[%emt 0:04:31]} 33. Kh1 {[%emt 0:00:39]} c6 {[%emt 0:06:01]} 34. Rxe5 {[%emt 0:00:26]} Rxe5 {[%emt 0:02:37]} 35. Qxe5 {[%emt 0:00:04]} cxb5 {[%emt 0:00:02]} 36. Kg2 {[%emt 0:01:14]} Nb4 {[%emt 0:06:44]} 37. Bd4 {[%emt 0:00:32]} Nc6 {[%emt 0:01:39]} 38. Qd5 {[%emt 0:00:28]} Nxd4 {[%emt 0:04:14]} 39. Qxd4 {[%emt 0:00:04]} Qc2+ {[%emt 0:00:04]} 40. Kf3 {[%emt 0:00:55]} Qb3+ {[%emt 0:00:51]} 41. Kf4 {[%emt 0:30:32]} Qa4 {[%emt 0:30:53]} 42. Ke5 {[%emt 0:00:17]} Qxd4+ {[%emt 0:00:11]} 43. Kxd4 {[%emt 0:00:03]} Kh7 {[%emt 0:00:05]} 44. Kc5 {[%emt 0:00:12]} Kg6 {[%emt 0:00:03]} 45. Kxb5 {[%emt 0:00:14]} Kf5 {[%emt 0:00:04]} 0-1

[Event "Moscow Open RSSU Cup 2020"]
[Site "Moscow"]
[Date "2020.01.25"]
[Round "1.11"]
[White "Khegay, Dmitriy"]
[Black "Burmakin, Evgeniy"]
[Result "1-0"]
[WhiteElo "2533"]
[BlackElo "2223"]
[Annotator "ChessBase"]
[PlyCount "83"]
[EventDate "2020.01.25"]
[EventType "swiss"]
[EventCountry "RUS"]
[SourceTitle "playchess.com"]
[Source "ChessBase"]
[SourceQuality "1"]
[TimeControl "40/5400+30:1800+30"]

1. Nf3 {[%emt 0:00:00]} d5 {[%emt 0:00:00]} 2. c4 {[%emt 0:00:04]} d4 {[%emt 0:00:00]} 3. b4 {[%emt 0:01:48]} f6 {[%emt 0:00:51]} 4. d3 {[%emt 0:00:58]} e5 {[%emt 0:00:43]} 5. a3 {[%emt 0:00:03]} a5 {[%emt 0:01:02]} 6. b5 {[%emt 0:00:07]} Bd6 {[%emt 0:05:11]} 7. g3 {[%emt 0:00:09]} Ne7 {[%emt 0:00:12]} 8. Bg2 {[%emt 0:00:14]} Nd7 {[%emt 0:00:46]} 9. O-O {[%emt 0:00:11]} O-O {[%emt 0:00:38]} 10. e3 {[%emt 0:00:15]} c5 {[%emt 0:16:58]} 11. exd4 {[%emt 0:00:00]} cxd4 {[%emt 0:02:17]} 12. Nbd2 {[%emt 0:01:58]} Nc5 {[%emt 0:01:29]} 13. Nb3 {[%emt 0:00:13]} Ne6 {[%emt 0:07:34]} 14. a4 {[%emt 0:00:10]} Rb8 {[%emt 0:02:09]} 15. Nfd2 {[%emt 0:03:29]} b6 {[%emt 0:06:32]} 16. Ne4 {[%emt 0:05:52]} Bb4 {[%emt 0:00:37]} 17. Bd2 {[%emt 0:02:12]} Bxd2 {[%emt 0:01:30]} 18. Qxd2 {[%emt 0:00:37]} Bb7 {[%emt 0:08:48]} 19. Rfe1 {[%emt 0:01:38]} h6 {[%emt 0:06:29]} 20. Qe2 {[%emt 0:08:18]} f5 {[%emt 0:02:48]} 21. Ned2 {[%emt 0:00:06]} Bxg2 {[%emt 0:00:07]} 22. Qxe5 {[%emt 0:03:12]} Ba8 {[%emt 0:17:23]} 23. Qxe6+ {[%emt 0:00:06]} Rf7 {[%emt 0:00:03]} 24. Re5 {[%emt 0:08:13]} Bb7 {[%emt 0:03:59]} 25. Re2 {[%emt 0:02:48]} Kf8 {[%emt 0:06:15]} 26. Rae1 {[%emt 0:00:31]} Rc8 {[%emt 0:01:20]} 27. Qe5 {[%emt 0:01:23]} Ng6 {[%emt 0:00:43]} 28. Qxd4 {[%emt 0:00:42]} Rd7 {[%emt 0:00:18]} 29. Re8+ {[%emt 0:02:45]} Qxe8 {[%emt 0:00:07]} 30. Rxe8+ {[%emt 0:00:05]} Kxe8 {[%emt 0:00:20]} 31. Qxb6 {[%emt 0:00:05]} Ne5 {[%emt 0:00:49]} 32. Nc5 {[%emt 0:01:45]} Rxc5 {[%emt 0:00:52]} 33. Qxc5 {[%emt 0:00:07]} Re7 {[%emt 0:01:24]} 34. d4 {[%emt 0:04:18]} Nd3 {[%emt 0:00:54]} 35. Qxf5 {[%emt 0:00:17]} Re1+ {[%emt 0:00:20]} 36. Nf1 {[%emt 0:00:06]} Be4 {[%emt 0:00:21]} 37. Qc8+ {[%emt 0:00:20]} Kf7 {[%emt 0:00:23]} 38. f3 {[%emt 0:00:13]} Bg6 {[%emt 0:00:56]} 39. b6 {[%emt 0:00:11]} Nc1 {[%emt 0:02:26]} 40. Qc7+ {[%emt 0:01:34]} Kf6 {[%emt 0:00:18]} 41. Qe5+ {[%emt 0:30:36]} Rxe5 {[%emt 0:32:08]} 42. dxe5+ {[%emt 0:00:05]} 1-0

[Event "Moscow Open RSSU Cup 2020"]
[Site "Moscow"]
[Date "2020.01.25"]
[Round "1.12"]
[White "Yeremyan, Alen"]
[Black "Kunin, Vitaly"]
[Result "1/2-1/2"]
[WhiteElo "2221"]
[BlackElo "2533"]
[Annotator "ChessBase"]
[PlyCount "124"]
[EventDate "2020.01.25"]
[EventType "swiss"]
[EventCountry "RUS"]
[SourceTitle "playchess.com"]
[Source "ChessBase"]
[SourceQuality "1"]
[TimeControl "40/5400+30:1800+30"]

1. d4 {[%emt 0:00:00]} d6 {[%emt 0:19:44]} 2. Nf3 {[%emt 0:00:00]} Bg4 {[%emt 0:00:08]} 3. Nbd2 {[%emt 0:02:02]} Nf6 {[%emt 0:00:34]} 4. g3 {[%emt 0:00:56]} c6 {[%emt 0:02:19]} 5. Bg2 {[%emt 0:00:07]} Nbd7 {[%emt 0:00:18]} 6. O-O {[%emt 0:00:15]} e5 {[%emt 0:00:06]} 7. c3 {[%emt 0:03:12]} Be7 {[%emt 0:00:13]} 8. Qc2 {[%emt 0:01:28]} O-O {[%emt 0:00:26]} 9. e4 {[%emt 0:02:16]} Re8 {[%emt 0:02:29]} 10. dxe5 {[%emt 0:01:25]} dxe5 {[%emt 0:04:30]} 11. a4 {[%emt 0:04:36]} Qc7 {[%emt 0:00:52]} 12. h3 {[%emt 0:00:44]} Be6 {[%emt 0:03:40]} 13. Ng5 {[%emt 0:01:46]} Nf8 {[%emt 0:00:09]} 14. Nxe6 {[%emt 1:18:13]} Nxe6 {[%emt 0:00:08]} 15. Nc4 {[%emt 0:00:00]} b5 {[%emt 0:05:18]} 16. axb5 {[%emt 0:00:00]} cxb5 {[%emt 0:00:42]} 17. Ne3 {[%emt 0:00:00]} Rab8 {[%emt 0:00:58]} 18. Nd5 {[%emt 0:00:00]} Nxd5 {[%emt 0:00:14]} 19. exd5 {[%emt 0:00:00]} Nc5 {[%emt 0:01:04]} 20. Be3 {[%emt 0:00:00]} Rec8 {[%emt 0:05:06]} 21. Rfc1 {[%emt 0:00:00]} a5 {[%emt 0:04:42]} 22. b3 {[%emt 0:00:00]} Bd6 {[%emt 0:02:09]} 23. Qd1 {[%emt 0:00:00]} Qd8 {[%emt 0:04:26]} 24. b4 {[%emt 0:00:00]} axb4 {[%emt 0:09:32]} 25. cxb4 {[%emt 0:00:00]} Na4 {[%emt 0:00:03]} 26. Qg4 {[%emt 0:00:00]} Qf8 {[%emt 0:03:28]} 27. Rxc8 {[%emt 0:00:00]} Rxc8 {[%emt 0:05:02]} 28. Qd7 {[%emt 0:00:00]} Nc3 {[%emt 0:02:54]} 29. Bb6 {[%emt 0:00:00]} e4 {[%emt 0:01:34]} 30. Qb7 {[%emt 0:00:00]} Rb8 {[%emt 0:01:37]} 31. Qc6 {[%emt 0:00:00]} Rc8 {[%emt 0:00:09]} 32. Qb7 {[%emt 0:00:00]} Bxb4 {[%emt 0:06:21]} 33. Bc7 {[%emt 0:00:00]} Re8 {[%emt 0:03:19]} 34. Kh2 {[%emt 0:00:00]} h5 {[%emt 0:10:32]} 35. Qc6 {[%emt 0:00:00]} Kh7 {[%emt 0:00:02]} 36. d6 {[%emt 0:00:00]} Re6 {[%emt 0:00:01]} 37. Ra8 {[%emt 0:00:00]} Bxd6 {[%emt 0:03:10]} 38. Rxf8 {[%emt 0:00:00]} Bxg3+ {[%emt 0:00:02]} 39. Bxg3 {[%emt 0:00:01]} Rxc6 {[%emt 0:00:01]} 40. Rxf7 {[%emt 0:00:17]} Re6 {[%emt 0:00:16]} 41. Rc7 {[%emt 0:31:35]} Ne2 {[%emt 0:30:39]} 42. Bh4 {[%emt 0:02:49]} Nf4 {[%emt 0:00:17]} 43. Bf1 {[%emt 0:01:43]} e3 {[%emt 0:01:06]} 44. fxe3 {[%emt 0:00:47]} Rxe3 {[%emt 0:00:02]} 45. Rf7 {[%emt 0:01:02]} Rf3 {[%emt 0:01:12]} 46. Bg2 {[%emt 0:02:33]} Nxg2 {[%emt 0:00:17]} 47. Rxf3 {[%emt 0:00:04]} Nxh4 {[%emt 0:00:07]} 48. Rf4 {[%emt 0:00:49]} g5 {[%emt 0:00:10]} 49. Rb4 {[%emt 0:00:16]} g4 {[%emt 0:00:43]} 50. hxg4 {[%emt 0:00:22]} hxg4 {[%emt 0:00:11]} 51. Rxb5 {[%emt 0:00:09]} Kg6 {[%emt 0:00:22]} 52. Kg3 {[%emt 0:00:14]} Nf5+ {[%emt 0:00:09]} 53. Kxg4 {[%emt 0:00:06]} Ne7 {[%emt 0:00:17]} 54. Rb6+ {[%emt 0:00:15]} Kf7 {[%emt 0:00:10]} 55. Ra6 {[%emt 0:00:22]} Ke8 {[%emt 0:00:21]} 56. Kf4 {[%emt 0:00:31]} Kf7 {[%emt 0:00:12]} 57. Ke5 {[%emt 0:00:32]} Ng6+ {[%emt 0:00:11]} 58. Kf5 {[%emt 0:00:07]} Ne7+ {[%emt 0:00:08]} 59. Kg5 {[%emt 0:00:13]} Nd5 {[%emt 0:00:17]} 60. Rd6 {[%emt 0:01:04]} Ne7 {[%emt 0:00:09]} 61. Rd7 {[%emt 0:01:14]} Ke6 {[%emt 0:00:13]} 62. Rxe7+ {[%emt 0:00:04]} Kxe7 {[%emt 0:00:36]} 1/2-1/2

[Event "Moscow Open RSSU Cup 2020"]
[Site "Moscow"]
[Date "2020.01.25"]
[Round "1.13"]
[White "Bodnaruk, Anastasia"]
[Black "Tokmakova, Ulyana"]
[Result "1-0"]
[WhiteElo "2411"]
[BlackElo "1895"]
[Annotator "NA"]
[PlyCount "83"]
[EventDate "2020.01.25"]
[EventType "swiss"]
[EventCountry "RUS"]
[SourceTitle "playchess.com"]
[Source "ChessBase"]
[SourceQuality "1"]
[TimeControl "40/5400+30:1800+30"]

1. e4 {[%emt 0:00:00]} e6 {[%emt 0:01:43]} 2. d4 {[%emt 1:31:00]} d5 3. Nc3 Bb4 4. e5 Ne7 5. a3 Bxc3+ 6. bxc3 b6 7. Qg4 Ng6 8. h4 h5 9. Qf3 Nxh4 10. Qd1 Ba6 11. Bxa6 Nxa6 12. g3 Ng6 13. Rxh5 Rxh5 14. Qxh5 Qd7 15. a4 O-O-O 16. Kf1 c5 17. Qh7 cxd4 18. cxd4 Qc7 19. Bg5 Qc4+ 20. Kg2 Rh8 21. Qxg7 Qxd4 22. Qxf7 Qxa1 23. Qxe6+ Kb8 24. Qxg6 Nc7 25. Qc6 Qd1 26. e6 Rf8 27. Be7 Rxf2+ 28. Kxf2 Qd4+ 29. Kf1 Qd1+ 30. Kg2 Qd2+ 31. Kh3 Qh6+ 32. Bh4 Nxe6 33. Qd6+ Kc8 34. Qxd5 Nc5 35. Nf3 Qg6 36. Qa8+ Kc7 37. Bd8+ Kd6 38. Qb8+ Kd5 39. Qe5+ Kc6 40. Qc7+ Kd5 41. c4+ Ke4 42. Qf4+ {[%emt 0:00:00]} 1-0

[Event "Moscow Open RSSU Cup 2020"]
[Site "Moscow"]
[Date "2020.01.25"]
[Round "1.14"]
[White "Mikheeva, Galina"]
[Black "Osmak, Iulija"]
[Result "0-1"]
[WhiteElo "1895"]
[BlackElo "2394"]
[Annotator "TA"]
[PlyCount "68"]
[EventDate "2020.01.25"]
[EventType "swiss"]
[EventCountry "RUS"]
[SourceTitle "playchess.com"]
[Source "ChessBase"]
[SourceQuality "1"]

{[%evp 14,68,28,17,18,20,21,21,34,-7,0,0,0,0,0,0,4,0,0,0,0,0,0,0,0,0,23,20,12,0,0,-232,-228,-221,-214,-228,-183,-287,-290,-327,-331,-319,-310,-322,-302,-406,-400,-430,-444,-545,-549,-677,-657,-767,-769,-772,-762]} 1. e4 e6 2. d4 d5 3. e5 c5 4. c3 Nc6 5. Nf3 Bd7 6. Be2 Nge7 7. O-O Ng6 8. Be3 Be7 {C02: French: Advance Variation} 9. Nbd2 (9. a3 O-O 10. Bd3 cxd4 11. cxd4 f6 12. exf6 Bxf6 13. Nc3 Kh8 14. Rc1 Nce7 15. Re1 Bc6 16. Ng5 Bxg5 17. Bxg5 {½-½ (29) Mamedov,R (2659)-Huzman,A (2567) Moscow 2019}) 9... O-O 10. Re1 Rc8 {The position is equal.} 11. dxc5 $146 ({Predecessor:} 11. a3 Qb6 12. b4 cxd4 13. cxd4 Nb8 14. Bd3 Rc3 15. Nb1 Rc7 16. h4 {½-½ (33) Narciso Dublan,M (2517)-Del Rio de Angelis,S (2502) Marbella 2019}) 11... Ncxe5 12. Nxe5 Nxe5 13. b4 b6 {[%cal Rb6c5]} 14. Ba6 Ra8 15. f4 Ng6 16. Nb3 Qc7 17. Qd2 Ba4 18. Qf2 Bf6 19. Rac1 Rfb8 20. g3 b5 {[#] aiming for ...Qc6.} 21. Na5 Ne7 $1 22. Bb7 $2 (22. g4 $11) 22... Rxb7 $19 23. Nxb7 Qxb7 24. g4 {Threatening g5.} g6 25. Qg2 (25. Bd4 $142 Bxd4 26. cxd4) 25... a5 26. bxa5 b4 ({Don't do} 26... Rxa5 27. Bd4 $19) 27. Bd4 Bxd4+ 28. cxd4 Rxa5 29. Re3 Nc6 30. Qd2 Qe7 {Black is clearly winning.} 31. Kh1 Qf6 32. Rd3 Bb5 33. Rb3 Bc4 34. Rb2 Ra3 {Accuracy: White = 38%, Black = 79%.} 0-1

[Event "Moscow Open RSSU Cup 2020"]
[Site "Moscow"]
[Date "2020.01.25"]
[Round "1.15"]
[White "Gritsayeva, Oksana"]
[Black "Stepanyan, Eva"]
[Result "1-0"]
[WhiteElo "2383"]
[BlackElo "1881"]
[Annotator "NA RC"]
[PlyCount "85"]
[EventDate "2020.01.25"]
[EventType "swiss"]
[EventCountry "RUS"]
[SourceTitle "playchess.com"]
[Source "ChessBase"]
[SourceQuality "1"]
[TimeControl "40/5400+30:1800+30"]

1. d4 {[%emt 0:00:00]} Nf6 {[%emt 0:00:00]} 2. Nf3 {[%emt 0:00:00]} d5 {[%emt 0:00:00]} 3. c4 {[%emt 0:01:40]} e6 {[%emt 0:00:01]} 4. Nc3 {[%emt 0:00:05]} Bb4 {[%emt 0:00:07]} 5. Qa4+ {[%emt 0:02:05]} Nc6 {[%emt 0:00:12]} 6. Bg5 {[%emt 0:00:10]} O-O {[%emt 0:02:54]} 7. e3 {[%emt 0:00:49]} Bd7 {[%emt 0:16:08]} 8. Qc2 {[%emt 0:08:54]} h6 {[%emt 0:04:35]} 9. Bxf6 {[%emt 0:02:04]} Qxf6 {[%emt 0:00:07]} 10. a3 {[%emt 0:03:50]} Bxc3+ {[%emt 0:00:28]} 11. Qxc3 {[%emt 0:00:07]} Rfe8 {[%emt 0:05:21]} 12. Be2 {[%emt 0:14:31]} dxc4 {[%emt 0:03:33]} 13. Qxc4 {[%emt 0:00:38]} Rac8 {[%emt 0:01:46]} 14. O-O {[%emt 0:04:42]} e5 {[%emt 0:03:00]} 15. d5 {[%emt 0:06:41]} Ne7 {[%emt 0:02:34]} 16. Rfd1 {[%emt 0:00:46]} Nf5 {[%emt 0:03:56]} 17. Rac1 {[%emt 0:01:38]} c6 {[%emt 0:06:14]} 18. Qb4 {[%emt 0:03:37]} Rb8 {[%emt 0:10:29]} 19. Qa5 {[%emt 0:07:00]} Ne7 {[%emt 0:10:22]} 20. dxc6 {[%emt 0:09:56]} Nxc6 {[%emt 0:00:32]} 21. Qc7 {[%emt 0:00:59]} Bg4 {[%emt 0:04:10]} 22. h3 {[%emt 0:01:36]} Bh5 {[%emt 0:08:00]} 23. g4 {[%emt 0:07:07]} Bg6 {[%emt 0:02:06]} 24. Rd6 {[%emt 0:00:31]} Rbc8 {[%emt 0:02:50]} 25. Qxc8 {[%emt 0:01:14]} Rxc8 {[%emt 0:00:09]} 26. Rxf6 {[%emt 0:00:03]} gxf6 {[%emt 0:00:06]} 27. Nh4 {[%emt 0:02:59]} Rd8 {[%emt 0:02:01]} 28. Bb5 {[%emt 0:02:24]} Rd6 {[%emt 0:00:52]} 29. Bxc6 {[%emt 0:01:40]} Rxc6 {[%emt 0:00:56]} 30. Rxc6 {[%emt 0:00:55]} bxc6 {[%emt 0:00:04]} 31. f3 {[%emt 0:00:48]} Kf8 {[%emt 0:01:36]} 32. e4 {[%emt 0:00:51]} Ke7 {[%emt 0:00:37]} 33. Kf2 {[%emt 0:00:05]} Kd6 {[%emt 0:01:23]} 34. Ke3 {[%emt 0:00:10]} Kc5 {[%emt 0:00:20]} 35. Kd3 {[%emt 0:00:06]} Bh7 {[%emt 0:00:29]} 36. Kc3 {[%emt 0:00:11]} a5 {[%emt 0:00:41]} 37. a4 {[%emt 0:00:48]} Bg6 {[%emt 0:01:13]} 38. Ng2 {[%emt 0:00:22]} f5 {[%emt 0:00:05]} 39. exf5 {[%emt 0:01:05]} Bh7 {[%emt 0:00:05]} 40. Ne3 {[%emt 0:01:25]} f6 {[%emt 0:00:05]} 41. Nc4 {[%emt 0:30:25]} Bg8 {[%emt 0:30:04]} 42. Nxa5 {[%emt 0:00:16]} Bd5 {[%emt 0:00:11]} 43. b4+ {[%emt 0:00:11]} 1-0

[Event "Moscow Open RSSU Cup 2020"]
[Site "Moscow"]
[Date "2020.01.25"]
[Round "1.16"]
[White "Melnikova, Diana V"]
[Black "Guseva, Marina"]
[Result "0-1"]
[WhiteElo "1877"]
[BlackElo "2379"]
[Annotator "NA"]
[PlyCount "70"]
[EventDate "2020.01.25"]
[EventType "swiss"]
[EventCountry "RUS"]
[SourceTitle "playchess.com"]
[Source "ChessBase"]
[SourceQuality "1"]
[TimeControl "40/5400+30:1800+30"]

1. e4 {[%emt 0:00:00]} c5 {[%emt 0:00:00]} 2. Nf3 {[%emt 0:00:00]} d6 {[%emt 0:00:00]} 3. d4 {[%emt 0:00:16]} cxd4 {[%emt 0:00:00]} 4. Qxd4 {[%emt 0:00:49]} a6 {[%emt 0:00:00]} 5. h3 {[%emt 0:00:20]} Nc6 {[%emt 0:00:06]} 6. Qe3 {[%emt 0:01:05]} g6 {[%emt 0:00:18]} 7. Be2 {[%emt 0:01:56]} Bg7 {[%emt 0:00:05]} 8. O-O {[%emt 0:00:50]} Nf6 {[%emt 0:00:03]} 9. c4 {[%emt 0:01:01]} Nd7 {[%emt 0:02:12]} 10. Nc3 {[%emt 0:04:16]} Nc5 {[%emt 0:00:46]} 11. Rb1 {[%emt 0:06:32]} a5 {[%emt 0:02:51]} 12. b3 {[%emt 0:02:35]} O-O {[%emt 0:00:09]} 13. Bb2 {[%emt 0:03:02]} f5 {[%emt 0:01:48]} 14. Rfe1 {[%emt 0:30:13]} h6 {[%emt 0:25:46]} 15. Nh4 {[%emt 0:07:38]} Kh7 {[%emt 1:03:26]} 16. exf5 {[%emt 0:02:31]} g5 {[%emt 0:00:00]} 17. f6 {[%emt 0:20:50]} Rxf6 {[%emt 0:00:00]} 18. Bd3+ {[%emt 0:03:02]} Nxd3 {[%emt 0:00:00]} 19. Qxd3+ {[%emt 0:00:06]} Kg8 {[%emt 0:00:00]} 20. Nf3 {[%emt 0:03:46]} Rf7 {[%emt 0:00:00]} 21. a3 {[%emt 0:03:02]} Qf8 {[%emt 0:00:00]} 22. Ne4 {[%emt 0:01:29]} Bf5 {[%emt 0:03:30]} 23. Bxg7 {[%emt 0:02:14]} Qxg7 {[%emt 0:00:00]} 24. Qd5 {[%emt 0:01:11]} Kh8 {[%emt 0:00:00]} 25. Rbd1 {[%emt 0:00:53]} g4 {[%emt 0:00:00]} 26. hxg4 {[%emt 0:01:15]} Bxg4 {[%emt 0:00:00]} 27. Ned2 {[%emt 0:01:11]} Rg8 {[%emt 0:00:00]} 28. g3 {[%emt 0:00:53]} Rgf8 {[%emt 0:00:00]} 29. Re3 {[%emt 0:00:23]} Rf5 {[%emt 0:00:00]} 30. Qe4 {[%emt 0:01:03]} Ne5 {[%emt 0:00:00]} 31. Nxe5 {[%emt 0:00:31]} Rxe5 {[%emt 0:00:00]} 32. Qc2 {[%emt 0:00:28]} Rxe3 {[%emt 0:00:00]} 33. fxe3 {[%emt 0:00:14]} Bxd1 {[%emt 0:00:00]} 34. Qxd1 {[%emt 0:00:07]} Qxg3+ {[%emt 0:00:00]} 35. Kh1 {[%emt 0:00:10]} Rf2 {[%emt 0:00:00]} 0-1

[Event "Moscow Open RSSU Cup 2020"]
[Site "Moscow"]
[Date "2020.01.25"]
[Round "1.17"]
[White "Ovod, Evgenija"]
[Black "Ivanova, Anastasia S."]
[Result "1-0"]
[WhiteElo "2362"]
[BlackElo "1868"]
[Annotator "TA"]
[PlyCount "78"]
[EventDate "2020.01.25"]
[EventType "swiss"]
[EventCountry "RUS"]
[SourceTitle "playchess.com"]
[Source "ChessBase"]
[SourceQuality "1"]

{[%evp 12,78,24,17,27,29,30,27,33,30,36,11,17,0,-8,-20,-18,-81,-74,-84,-26,-109,-104,-288,-291,-291,-264,-342,-323,-310,-308,-296,-299,-275,-127,-250,-251,-286,-267,-253,-141,-307,-304,-304,-260,-249,0,-297,-297,-391,-383,-369,-297,-358,-223,-247,-251,-270,-271,-234,-71,-71,0,0,237,63,264,266,389]} 1. e4 c5 2. Ne2 d6 3. g3 g6 4. Bg2 Bg7 5. c3 Nc6 6. d4 cxd4 7. cxd4 e6 {B20: Sicilian: Unusual White 2nd moves.} 8. Nbc3 Nge7 9. O-O O-O {White has an edge.} 10. Be3 a6 {[#]} 11. d5 $146 ({Predecessor:} 11. a3 b5 12. b4 Bb7 13. Qd2 Re8 14. f4 d5 15. e5 Nc8 16. Nc1 a5 17. Nd3 axb4 18. axb4 {0-1 (46) Foukal,J (1856)-Vraj,K (1942) Vsetin 2018}) 11... exd5 12. exd5 Ne5 13. Qb3 b5 14. a4 (14. Nd4 $11 {remains equal.}) 14... bxa4 $17 15. Nxa4 Bg4 (15... Nf5 $17) 16. f3 (16. Nd4 $11) 16... Bd7 17. Nb6 $2 (17. f4 $17 Rb8 18. Bb6) 17... Rb8 $19 18. Rxa6 Bc8 19. Ra3 Nd7 20. Nxc8 Rxb3 21. Nxe7+ Qxe7 22. Rxb3 Bxb2 (22... Nc5 $19 23. Bxc5 dxc5) 23. Kf2 (23. Rb1 $17 {was worth a try.} Bf6 24. Nd4) 23... Bg7 24. Nd4 Nc5 ({Don't take} 24... Bxd4 25. Bxd4 Nc5 26. Re3 $17) 25. Nc6 Qc7 ({Black should try} 25... Qf6 $19 26. Bxc5 dxc5) 26. Ra3 $2 (26. Rb5 $17) 26... Qb6 {And now ...Qb2+ would win.} 27. Kg1 Qb2 28. Bc1 Qb6 29. Be3 Re8 30. Kh1 Qb2 31. Bc1 Qc2 32. Bf4 Qc4 33. Bxd6 Nd3 34. f4 {[#]} Nf2+ $1 {[%mdl 512]} 35. Kg1 (35. Rxf2 Re1+) 35... Bd4 $2 (35... Ne4 $19 {is more deadly.} 36. Bxe4 Qxe4) 36. Nxd4 $17 {[#] Hoping for Nc6.} Qxd4 (36... Ne4 $1 $17 37. Be5 Rxe5 {[%mdl 64] Remove Defender}) 37. Rxf2 $11 {Threatens to win with Be5.} Re1+ (37... Qb6 $1 $11) 38. Bf1 $14 Qxd5 $2 (38... Rxf1+ $1 $14 39. Kxf1 Qd1+ 40. Kg2 Qxd5+ 41. Raf3 Qxd6) 39. Be5 $1 $18 Qc6 {Accuracy: White = 48%, Black = 58%.} (39... f6 $142) 1-0

[Event "Moscow Open RSSU Cup 2020"]
[Site "Moscow"]
[Date "2020.01.26"]
[Round "2.1"]
[White "Geivondian, Arman"]
[Black "Grachev, Boris"]
[Result "1/2-1/2"]
[WhiteElo "2381"]
[BlackElo "2614"]
[Annotator "TA"]
[PlyCount "130"]
[EventDate "2020.01.25"]
[EventType "swiss"]
[EventCountry "RUS"]
[SourceTitle "playchess.com"]
[Source "ChessBase"]
[SourceQuality "1"]

{[%evp 22,130,-4,-4,13,-22,-10,-18,-16,-12,-12,-27,-12,-10,-5,-13,-8,-23,-15,-16,-25,-26,-14,-16,-27,-41,-30,-39,-12,-17,0,0,0,0,0,0,0,0,0,0,2,7,1,0,0,1,8,0,0,0,12,0,0,0,0,0,8,8,8,-12,0,0,18,-14,-14,-10,-8,-13,-10,-7,0,0,0,0,0,0,0,0,0,0,0,0,0,0,0,0,0,0,0,0,0,0,0,0,0,0,0,0,0,0,0,-1,0,-2,0,0,0,0,0,0,0]} 1. d4 d5 2. c4 e6 3. Nc3 Nf6 4. cxd5 exd5 5. Bg5 c6 6. Nf3 h6 7. Bh4 Bf5 8. e3 Nbd7 9. Bd3 Bxd3 10. Qxd3 Bd6 11. O-O O-O 12. Rab1 a5 {D35: Queen's Gambit Declined: Exchange Variation} 13. Qc2 Qe7 14. a3 (14. Rfe1 $5 {[%cal Re3e4]}) 14... Qe6 15. Rfe1 Rfe8 16. Nd2 Qg4 17. Bg3 Bxg3 18. hxg3 Qe6 19. Qb3 $146 ({Predecessor:} 19. Rec1 Rec8 20. Na4 {0-1 (50) Bogner,S (2383)-Potkin,V (2612) Sautron 2007}) 19... b5 20. a4 b4 21. Ne2 c5 22. dxc5 $1 Nxc5 23. Qc2 Rac8 24. Nd4 Qa6 {White should prevent ...Nd3.} 25. N2b3 {The position is equal.} Nxa4 (25... Nxb3 {seems wilder.} 26. Qxb3 Rc4 27. Qd1 Ne4 28. Qg4 g6) 26. Qe2 $1 {[%cal Re2a6]} Qxe2 27. Rxe2 Ra8 28. Ra1 Nb6 29. Rxa5 Rxa5 30. Nxa5 Ra8 31. Nab3 Nc4 32. Rc2 Ra6 33. Kf1 Ne4 34. Ke2 h5 35. Nc1 Rb6 36. Nd3 b3 37. Rc1 Rf6 {aiming for ...Nxb2!} 38. Rb1 g5 39. Nxb3 Rb6 $1 {[%cal Rb6b3]} 40. Ndc1 Rf6 41. Nd3 Rb6 $1 {[%cal Rb6b3]} 42. Ndc1 Kg7 43. Ke1 Kg6 44. Ra1 Nxb2 45. Ra5 Nd3+ 46. Nxd3 {[#] Nd2 is the strong threat.} Rxb3 $11 {[%mdl 4096] Endgame KRN-KRN} 47. Ke2 f6 48. Ra8 Rb1 49. Rg8+ Kh7 50. Rd8 Rb3 51. Rd7+ Kg6 {[#] Hoping for ...Rxd3!} 52. Rd8 Ra3 53. Nb4 Rb3 54. Nd3 Kf7 55. Rh8 Kg7 56. Rd8 Kg6 57. Rg8+ Kh7 58. Rd8 Rb1 59. Rd7+ Kg6 60. Rd8 Ra1 61. Nb4 Ra4 62. Rb8 g4 63. Nd3 Nc3+ 64. Kd2 Ne4+ 65. Ke2 Nc3+ {Accuracy: White = 75%, Black = 60%.} 1/2-1/2